Nevelésügyi tanulmányok . Szerkesztette Imre Sándor : Szeged : egyetemi Pedagógiai Intézet, 1934 /

Elmentve itt :
Bibliográfiai részletek
Szerzők: Gyulai Ágost
Imre Sándor
Dokumentumtípus: Cikk
Megjelent: 1935
Sorozat:Magyar pedagógia : a Magyar Tudományos Akadémia Pedagógiai Bizottságának folyóirata 44
Kulcsszavak:Közoktatás magyar tanulmányok, Nevelésügy
Online Access:http://misc.bibl.u-szeged.hu/10899
LEADER 00779nab a2200193 i 4500
001 misc10899
005 20191106142233.0
008 170607s1935 hu o 0|| hun d
022 |a 0025-0260 
040 |a SZTE Miscellanea Repozitórium  |b hun 
041 |a hun 
100 1 |a Gyulai Ágost 
245 1 0 |a Nevelésügyi tanulmányok . Szerkesztette   |h [elektronikus dokumentum] :  |b Imre Sándor : Szeged : egyetemi Pedagógiai Intézet, 1934 /  |c  Gyulai Ágost 
260 |c 1935 
300 |a 190-193 
490 0 |a Magyar pedagógia : a Magyar Tudományos Akadémia Pedagógiai Bizottságának folyóirata  |v 44 
695 |a Közoktatás magyar tanulmányok, Nevelésügy 
700 0 1 |a Imre Sándor  |e aut 
856 4 0 |u http://misc.bibl.u-szeged.hu/10899/1/mp_1935_3510_190-193.pdf  |z Dokumentum-elérés